000 02581nam a2200361 a 4500
001 77851
003 BD-RjUL
005 20211209083039.0
008 210128s 2010bg a|||| m||| 00| 0 ben d
035 _a(BD-RjUL)78077
040 _aBD-RjUL
_bben / eng
_cBD-RjUL
_dBD-RjUL
041 _aben
082 _a954.0357
_bKAB 2010
_223
100 _aকরিম, মো. রেজাউল
_9244042
245 1 0 _aবাংলায় হিন্দু - মুসলিম ঐক্য প্রচেষ্টা ও ব্রিটিশ বিরোধী আন্দোলন (১৯১৬-১৯২৩ খ্রিস্টাব্দ) /
_cমো. রেজাউল করিম ;
_6সুপারভাইজার : মো. শেরেজ্জামান
260 _aরাজশাহী :
_bইতিহাস বিভাগ, রাজশাহী বিশ্ববিদ্যালয়,
_c২০১০
300 _aiv, ৩৪৯ পাতা :
_bচিএ ;
_c২৯ সেমি.
502 _aথিসিস (এম, ফিল.) -- ইতিহাস বিভাগ, রাজশাহী বিশ্ববিদ্যালয়, ২০১০
504 _aগ্রন্থপঞ্জি : পাতা [৩০৩] - ৩৪৯
600 _c
_d
_x
_9245715
650 _aসাম্প্রদায়িকতা
_zভারত
_zবঙ্গ
_y১৯১৬-১৯২৩ খ্রিস্টাব্দ
_9194328
650 _aCommunalism
_zIndia
_zBengal.
_y1916-1923 A. D.
_9244058
650 _aহিন্দু ধর্ম
_xসম্পর্ক
_xইসলাম
_y১৯১৬-১৯২৩ খ্রিস্টাব্দ
_9245709
650 _aHinduism
_xRelations
_xIslam
_y1916-1923 A. D.
_9245710
650 _aইসলাম
_xসম্পর্ক
_xহিন্দু ধর্ম
_y১৯১৬-১৯২৩ খ্রিস্টাব্দ
_9245712
650 _aIslam
_xRelations
_xHinduism
_y1916-1923 A. D.
_9245713
651 _aবাংলা (ভারত)
_xরাজনীতি এবং সরকার
_yবিশ শতক
_9244059
651 _aBengal (India)
_xPolitics and government
_y20th century.
_9244060
651 _aবাংলা (ভারত)
_xজাতিগত সম্পর্ক
_xইতিহাস
_y১৯১৬-১৯২৩ খ্রিস্টাব্দ
_9244063
651 _aBengal (India)
_xEthnic relations
_xHistory
_y1916-1923 A. D.
_9244064
700 _aশেরেজ্জামান, মো. , সুপারভাইজার
_9232389
942 _2ddc
_cTHE
999 _c77851
_d77851